| 000 | 00480nam a22001817a 4500 | ||
|---|---|---|---|
| 003 | MPLRDC | ||
| 005 | 20220104124521.0 | ||
| 008 | 210129b ||||| |||| 00| 0 eng d | ||
| 020 | _a7-5395-0414-5 | ||
| 082 | _a857.621 SJKH-2 v.2 | ||
| 100 | _a蒋虹丁主编 | ||
| 245 |
_a颠覆帝国的阴谋 _c |
||
| 260 |
_a _b福建少年儿童出版社 _c1991 |
||
| 300 | _b平 | ||
| 490 | _a世界科幻小说精品丛书 | ||
| 650 | _a科幻小说 | ||
| 942 |
_cBK _o857.621 SJKH-2 v.2 |
||
| 999 |
_c19968 _d19958 |
||